[Event "81st Spanish Championship"]
[Site "?"]
[Date "2016.08.13"]
[Round "?"]
[White "Anton Guijarro, David"]
[Black "Forcen Esteban, Daniel"]
[WhiteElo "2627"]
[BlackElo "2561"]
[Result "1-0"]

1. e4 c5 2. Nf3 d6 3. Bb5+ Nd7 4. O-O a6 5. Bd3 Ngf6 6. c3 b5 7. Bc2 Bb7 8. Qe2 e6 9. d4 Be7 10. Re1 Rc8 11. a4 b4 12. Bd3 bxc3 13. bxc3 cxd4 14. cxd4 O-O 15. Nbd2 a5 16. h3 Nb8 17. Bb2 d5 18. e5 Nfd7 19. Ba3 Bxa3 20. Rxa3 Nc6 21. Nf1 Qe7 22. Qe3 Nb4 23. Ng3 Nxd3 24. Rxd3 Ba6 25. Rb3 Bc4 26. Rb7 Ba6 27. Ra7 Ra8 28. Rc7 Rfc8 29. Rec1 Bc4 30. Rb7 Rcb8 31. Rcb1 Qd8 32. Nh5 h6 33. Nd2 Nf8 34. Nf6+ Kh8 35. Rxf7 Rxb1+ 36. Nxb1 Nh7 37. Nxh7 Kxh7 38. Nd2 Qe8 39. Rc7 Rc8 40. Rxc8 Qxc8 41. Qc3 Qa6 42. f3 Be2 43. Nb3 Bd1 44. Nc5 Qc4 45. Qxc4 dxc4 46. Kf2 c3 47. Ke3 Bc2 48. Nxe6 Bxa4 49. Nc5 Bb5 50. d5 a4 51. Ne4 a3 52. Nxc3 Kg6 53. g4 Bc4 54. d6 Kf7 55. f4 a2 56. Nxa2 Bxa2 57. f5 Bd5 58. Kf4 Bc6 59. h4 Bd7 60. h5 Bb5 61. g5 Be2 62. e6+ Ke8 63. gxh6 gxh6 64. Ke5 Bxh5 65. d7+ Kd8 66. Kd6 Bf7 67. e7# 

1-0

[Event "Lake Sevan"]
[Site "?"]
[Date "2016.07.20"]
[Round "?"]
[White "Pashikian, Arman"]
[Black "Anton Guijarro, David"]
[WhiteElo "2615"]
[BlackElo "2627"]
[Result "0-1"]

1. d4 f5 2. Nf3 Nf6 3. c4 g6 4. g3 Bg7 5. Bg2 O-O 6. Nc3 d6 7. O-O c6 8. b3 Na6 9. Re1 Qc7 10. Ba3 Ne4 11. Qc2 Nxc3 12. Qxc3 Nc5 13. Ng5 h6 14. Qd2 hxg5 15. dxc5 Bxa1 16. cxd6 exd6 17. Rxa1 f4 18. Bxd6 Qg7 19. Rd1 Rf7 20. gxf4 gxf4 21. Bxf4 Bg4 22. f3 Rd7 23. Bd6 Be6 24. c5 g5 25. Qe3 Qg6 26. Rd4 Bf5 27. Qd2 Re8 28. e4 Be6 29. Be5 Rxd4 30. Qxd4 Qh5 31. Qd6 Qh4 32. Bc3 Kf7 33. Qd4 Qh6 34. Bf1 Re7 35. Qd6 Rd7 36. Qb8 g4 37. f4 Rd1 38. Qc7+ Ke8 39. Qb8+ Kf7 40. Qc7+ Bd7 41. Be1 Qf6 42. Bc4+ Ke8 43. Kf1 g3 44. hxg3 Bh3+ 45. Ke2 Qb2+ 46. Kf3 Qg2+ 

0-1

[Event "2nd Oliver Gonzalez Memorial"]
[Site "?"]
[Date "2011.10.13"]
[Round "?"]
[White "Vazquez Igarza, Renier"]
[Black "Anton Guijarro, David"]
[WhiteElo "2572"]
[BlackElo "2462"]
[Result "0-1"]

1. d4 Nf6 2. c4 g6 3. Nc3 Bg7 4. e4 d6 5. Nf3 O-O 6. Be2 Bg4 7. Be3 Nfd7 8. Rc1 e5 9. d5 a5 10. h3 Bxf3 11. Bxf3 Na6 12. h4 Nac5 13. h5 f5 14. Qc2 f4 15. Bxc5 Nxc5 16. hxg6 hxg6 17. Na4 b6 18. Nxc5 bxc5 19. Bg4 Kf7 20. Be6+ Kf6 21. g3 Rh8 22. Ke2 Bh6 23. Qc3 Bg5 24. Rcg1 Kg7 25. gxf4 Bxf4 26. Rxh8 Qxh8 27. Qf3 Rf8 28. Rh1 Bh6 29. Qg3 Rf6 30. Qh4 Qh7 31. f3 Qh8 32. Kd1 a4 33. a3 g5 34. Qf2 Qb8 35. Qc2 Rxf3 36. Qxa4 c6 37. Bg4 Rf4 38. Kc1 Rxg4 39. dxc6 Rf4 40. Qb5 Qc7 41. a4 Rf8 42. a5 Rb8 43. Qa4 Rb4 44. Qa3 Rxc4+ 

0-1

[Event "21st Magistral Internacional Ciutat de Barcelona"]
[Site "?"]
[Date "2016.10.27"]
[Round "?"]
[White "Lopez Martinez, Josep Manuel"]
[Black "Anton Guijarro, David"]
[WhiteElo "2547"]
[BlackElo "2628"]
[Result "0-1"]

1. Nf3 Nf6 2. g3 b6 3. Bg2 Bb7 4. O-O e6 5. c4 Be7 6. d4 O-O 7. Nc3 Ne4 8. Bd2 Bf6 9. Rc1 d6 10. Qc2 Nxd2 11. Qxd2 Nd7 12. d5 e5 13. e4 a5 14. h4 Bc8 15. Bh3 Nc5 16. Bxc8 Qxc8 17. Kg2 Be7 18. Qe2 f5 19. Nd2 f4 20. Rh1 Rf7 21. Rcf1 Qd7 22. b3 Raf8 23. f3 fxg3 24. Nd1 Qd8 25. h5 Bg5 26. Ne3 Bxe3 27. Qxe3 Rf4 28. Rh3 Rh4 29. Rfh1 Rff4 30. Nf1 Rxh3 31. Rxh3 Qg5 32. Nxg3 Kf7 33. Kf2 Kf6 34. Ke2 Rh4 35. Rxh4 Qxh4 36. Qg1 g6 37. hxg6 hxg6 38. Nf1 Qg5 39. Qh2 Qh5 40. Ke3 Qxh2 41. Nxh2 Kg5 42. Nf1 Kh4 43. Nd2 Kg3 44. Nb1 Na6 45. Nc3 Nb4 46. Ne2+ Kh4 47. Nc3 Nc2+ 48. Kf2 Nd4 49. Nd1 Kg5 50. Ne3 Kf6 51. Nd1 Kg5 52. Ne3 Kh4 53. Nd1 Nc2 54. Nc3 Na3 55. Kg2 g5 56. Nd1 Nc2 57. Nc3 Nd4 58. Kf2 Kh3 59. Nd1 Nc2 60. Nc3 Na3 61. Nd1 Nb1 62. a4 Nd2 63. Nc3 Nxb3 64. Nb5 Nc5 65. Nxc7 Nxa4 66. Nb5 Nc5 67. Nxd6 a4 68. Nb5 Nb7 69. Ke3 Kg3 70. Ke2 Kg2 71. d6 a3 72. Nxa3 Nxd6 73. c5 bxc5 74. Nc2 Kg3 75. Ne3 Nb5 76. Nf5+ Kf4 77. Ng7 Nd4+ 78. Kf2 g4 

0-1